000 01346nam a22003737a 4500
003 CHAP
005 20220329135944.0
008 971013s1985 r 00010 d
010 _a44680
011 _a45652
035 _a49791
040 _cCHAP
090 _aTesis
100 0 0 _aSalas Padilla, María Antonia.
_9101320
245 _aCalidad fisiológica de semilla de cacahuate (Arachis hypogaea L.) bajo condiciones de almacenamiento rústico y refrigeración
260 _aChapingo, Méx. :
_bEl autor,
_c1985
300 _a66 h.
502 _aTesis (Ing. Agr. Esp. en Fitotecnia) --UACH. Departamento de Fitotecnia
590 _aALEPH
_b10
_c20130110
_lUCH01
_h1314
590 _aBATCH-UPD
_b10
_c20130110
_lUCH01
_h0003
590 _aBATCH-UPD
_b10
_c20130110
_lUCH01
_h0839
590 _aBATCH-UPD
_b10
_c20130409
_lUCH01
_h1938
590 _aBATCH-UPD
_b10
_c20130410
_lUCH01
_h0517
590 _aBATCH-UPD
_b10
_c20130914
_lUCH01
_h0802
590 _aCONVERSION
_b10
_c20130109
_lUCH01
_h1325
650 1 4 _aCacahuate
_xFisilogía y morfología.
_916871
650 1 4 _aCacahuate
_xSemilla.
_916902
650 1 4 _aCacahuate
_xVariedades.
_916912
650 1 4 _aSemillas
_xAlmacenamiento.
_9103875
901 _aBK
942 _cTESIS
949 _bBC
_cTES
_d-112230
_eTS1
_h18205
_i49791
_si
949 _bBC
_cTES
_d-112231
_eTS1
_fc.2
_h18206
_i49791
_si
999 _c44680
_d44680